Mathematics : (Record no. 179807)

000 -LEADER
fixed length control field 00610 a2200193 4500
003 - CONTROL NUMBER IDENTIFIER
control field NUST
005 - DATE AND TIME OF LATEST TRANSACTION
control field 20221028130654.0
010 ## - LIBRARY OF CONGRESS CONTROL NUMBER
LC control number 74011710
020 ## - INTERNATIONAL STANDARD BOOK NUMBER
International Standard Book Number 0395185831
040 ## - CATALOGING SOURCE
Transcribing agency Nust
082 00 - DEWEY DECIMAL CLASSIFICATION NUMBER
Classification number 510,BEB
100 1# - MAIN ENTRY--PERSONAL NAME
Personal name Bernkopf, Michael.
9 (RLIN) 101637
245 10 - TITLE STATEMENT
Title Mathematics :
Remainder of title an appreciation /
Statement of responsibility, etc. Michael Bernkopf.
260 ## - PUBLICATION, DISTRIBUTION, ETC.
Place of publication, distribution, etc. USA
Name of publisher, distributor, etc. Houghton Mifflin,
Date of publication, distribution, etc. [1975]
300 ## - PHYSICAL DESCRIPTION
Extent xi, 276 p. :
Other physical details ill. ;
Dimensions 24 cm.
505 ## - FORMATTED CONTENTS NOTE
Formatted contents note Part-1: Mathematics: What is it? (Page-1), Part-2: Old Acquaintances Revisited (Page-27), Part-3: Some Things New (Page-91).
650 #0 - SUBJECT ADDED ENTRY--TOPICAL TERM
Topical term or geographic name entry element Mathematics.
942 ## - ADDED ENTRY ELEMENTS (KOHA)
Source of classification or shelving scheme
Koha item type Book
Call number prefix 510,BEB
Holdings
Withdrawn status Lost status Source of classification or shelving scheme Damaged status Not for loan Permanent Location Current Location Shelving location Date acquired Full call number Barcode Date last seen Price effective from Koha item type Public note
          Military College of Signals (MCS) Military College of Signals (MCS) General Stacks 12/12/2016 510,BER MCS7575 12/08/2016 12/12/2016 Book Almirah No.82, Shelf No.1
          Military College of Signals (MCS) Military College of Signals (MCS) General Stacks 12/12/2016 510,BER MCS7719 12/08/2016 12/12/2016 Book Bank Almirah No. A/135, Shelf No.3
© 2023 Central Library, National University of Sciences and Technology. All Rights Reserved.